000 00289nam a22001337a 4500
008 170627b xxu||||| |||| 00| 0 eng d
020 _a0393025179
041 _aeng
080 _a821
100 _a21
101 _aGJL
245 _aFREUD/ A LIFE FOR OUR TIME
_cGAY, P
942 _2udc
_cBK
999 _c19199
_d19199